¿Elemento... o Pokémon? - Estadísticas

Estadísticas generales
  • Esta prueba ha sido intentada 353 veces
  • La puntuación promedio es 19 de 20
Estadísticas de respuestas
Pregunta Respuesta % Correcto
Silicio Elemento
100%
Flareon Pokémon
100%
Galio Elemento
99%
Magnemite Pokémon
99%
Aggron Pokémon
98%
Rhydon Pokémon
98%
Xenón Elemento
97%
Radón Elemento
97%
Mantine Pokémon
97%
Rotom Pokémon
97%
Vespiquen Pokémon
97%
Tecnecio Elemento
96%
Bismuto Elemento
95%
Beldum Pokémon
94%
Lumineon Pokémon
93%
Gadolinio Elemento
92%
Meganium Pokémon
92%
Oganesón Elemento
91%
Cobalion Pokémon
91%
Bergmite Pokémon
84%
No se encontraron pruebas coincidentes
Distribución de puntuación
Porcentaje de gente con cada puntuación
Porcentaje por número respondido
Historial de tus puntuaciones
No has intentado esta prueba.